|
|
|
|
| LEADER |
00605cam a2200193ua 4500 |
| 008 |
121016t2005||||||||||| 00 ||eng c |
| 041 |
0 |
|
|a eng
|
| 082 |
|
|
|a 304.2
|b BAT/H
|
| 245 |
1 |
0 |
|a Human adaptive strategies: ecology, culture, and politics /
|
| 260 |
|
|
|a New Jersey:
|b Pearson education,
|c 2005.
|
| 300 |
|
|
|a 257p..
|
| 362 |
1 |
|
|a 2005.
|
| 650 |
|
|
|a Human ecology
|
| 650 |
0 |
|
|a Social change
|
| 650 |
0 |
|
|a Ethnology
|
| 700 |
0 |
2 |
|a Bates,, Daniel G.
|
| 942 |
|
|
|c BK
|
| 999 |
|
|
|c 27797
|d 27797
|
| 952 |
|
|
|0 0
|1 0
|4 0
|6 304_200000000000000_BAT
|7 0
|9 29565
|a KUCL
|b KUCL
|d 2014-05-23
|l 0
|o 304.2 BAT/
|p 29299
|r 2014-05-23
|w 2014-05-23
|y BK
|